[Event "HUN-chT2 Barcza 2324"]
[Site "Hungary"]
[Date "2023.12.10"]
[Round "3.4"]
[White "Balazs, Ladislav"]
[Black "Botragyi, Tibor"]
[Result "1-0"]
[WhiteElo "2046"]
[BlackElo "1983"]
[PlyCount "85"]
[EventDate "2023.10.08"]
[EventType "team-tourn"]
[EventRounds "9"]
[EventCountry "HUN"]
[SourceTitle "EXT 2025"]
[Source "ChessBase"]
[SourceDate "2024.10.14"]
[SourceVersion "1"]
[SourceVersionDate "2024.10.14"]
[SourceQuality "1"]
[WhiteTeam "Kazincbarcika"]
[BlackTeam "Karsol DSBK"]
[WhiteTeamCountry "HUN"]
[BlackTeamCountry "HUN"]

1. e4 c5 2. Nf3 Nc6 3. d4 cxd4 4. Nxd4 g6 5. Nc3 Bg7 6. Nxc6 bxc6 7. Bc4 d6 8. 0-0 Nf6 9. e5 Ng4 10. exd6 Qxd6 11. Qxd6 exd6 12. Re1+ Kf8 13. h3 Ne5 14. Bb3 d5 15. Bf4 f6 16. Na4 Be6 17. Bd2 Kf7 18. Nc5 Rhe8 19. f4 Nc4 20. Bc3 Nd6 21. Ba4 Rac8 22. Bb4 Bf5 23. Rxe8 Kxe8 24. Re1+ Kf7 25. g4 Be4 26. c4 f5 27. cxd5 cxd5 28. Rd1 Bxb2 29. Nxe4 Nxe4 30. Rxd5 Nf6 31. Rb5 Bd4+ 32. Kg2 fxg4 33. hxg4 Nxg4 34. Rb7+ Kg8 35. Bd7 Rc2+ 36. Kf3 Nf6 37. Be6+ Kh8 38. Rb8+ Ne8 39. Rxe8+ Kg7 40. Bb3 Rf2+ 41. Kg3 Rf1 42. Bf8+ Kf6 43. Rd8 1-0

[Event "HUN-chT2 Barcza 2223"]
[Site "Hungary"]
[Date "2023.02.12"]
[Round "3.7"]
[White "Zelena, Tamas"]
[Black "Botragyi, Tibor"]
[Result "1/2-1/2"]
[WhiteElo "1948"]
[BlackElo "1961"]
[PlyCount "42"]
[EventDate "2022.11.20"]
[EventType "team-tourn"]
[EventRounds "7"]
[EventCountry "HUN"]
[SourceTitle "EXT 2025"]
[Source "ChessBase"]
[SourceDate "2024.10.14"]
[SourceVersion "1"]
[SourceVersionDate "2024.10.14"]
[SourceQuality "1"]
[WhiteTeam "Kazincbarcika"]
[BlackTeam "Karsol DSBK"]
[WhiteTeamCountry "HUN"]
[BlackTeamCountry "HUN"]

1. e4 c5 2. Nf3 Nc6 3. d4 cxd4 4. Nxd4 g6 5. Nc3 Bg7 6. Be3 Nf6 7. Nxc6 bxc6 8. e5 Nd5 9. Nxd5 cxd5 10. Qxd5 Rb8 11. Bc4 0-0 12. 0-0-0 Qc7 13. Bb3 Bxe5 14. Qc5 a5 15. Qxc7 Bxc7 16. Bh6 Re8 17. Ba4 Be5 18. c3 Rd8 19. Rhe1 Bf6 20. Bf4 d6 21. h3 Be6 1/2-1/2

[Event "HUN-chT2 Barcza 2122"]
[Site "Hungary"]
[Date "2022.01.30"]
[Round "5.7"]
[White "Marko, Arpad"]
[Black "Botragyi, Tibor"]
[Result "1/2-1/2"]
[WhiteElo "1844"]
[BlackElo "1958"]
[PlyCount "44"]
[EventDate "2021.10.10"]
[EventType "team-tourn"]
[EventRounds "9"]
[EventCountry "HUN"]
[SourceTitle "EXT 2025"]
[Source "ChessBase"]
[SourceDate "2024.10.14"]
[SourceVersion "1"]
[SourceVersionDate "2024.10.14"]
[SourceQuality "1"]
[WhiteTeam "Kazincbarcika"]
[BlackTeam "Debrecen Sakkbaratok"]
[WhiteTeamCountry "HUN"]
[BlackTeamCountry "HUN"]

1. e4 c5 2. Nf3 Nc6 3. d4 cxd4 4. Nxd4 g6 5. Nc3 Bg7 6. Be3 Nf6 7. Be2 0-0 8. Qd2 d5 9. Nxc6 bxc6 10. Rd1 Qa5 11. 0-0 Rd8 12. exd5 cxd5 13. Bf4 Ba6 14. Rfe1 Bxe2 15. Rxe2 e6 16. Be5 Rac8 17. b3 Nd7 18. Bxg7 Kxg7 19. Na4 Qc7 20. c3 Kg8 21. Re3 Nf6 22. f3 Qa5 1/2-1/2

[Event "HUN-chT2 Barcza 1718"]
[Site "Hungary"]
[Date "2017.12.03"]
[Round "5.7"]
[White "Balogh, Akos"]
[Black "Botragyi, Tibor"]
[Result "0-1"]
[WhiteElo "1978"]
[BlackElo "2002"]
[PlyCount "108"]
[EventDate "2017.09.24"]
[EventType "team-tourn"]
[EventRounds "11"]
[EventCountry "HUN"]
[SourceTitle "EXT 2021"]
[Source "ChessBase"]
[SourceDate "2020.10.23"]
[SourceVersion "1"]
[SourceVersionDate "2020.10.23"]
[SourceQuality "1"]
[WhiteTeam "Debrecen Sakkiskola II"]
[BlackTeam "Debrecen Sakkbaratok"]
[WhiteTeamCountry "HUN"]
[BlackTeamCountry "HUN"]

1. d4 Nf6 2. c4 g6 3. Nc3 d5 4. Nf3 Bg7 5. Bg5 Ne4 6. cxd5 Nxg5 7. Nxg5 e6 8. Nf3 exd5 9. e3 0-0 10. b4 c6 11. Bd3 Bg4 12. 0-0 a5 13. a3 axb4 14. axb4 Rxa1 15. Qxa1 Bxf3 16. gxf3 b5 17. Ne2 Qd6 18. Qa5 Bf6 19. Nc1 Bd8 20. Qa7 Nd7 21. Be2 Bb6 22. Qa3 Bc7 23. f4 g5 24. Nd3 Nb6 25. Kh1 Ra8 26. Qc3 gxf4 27. Nxf4 Qh6 28. Rg1+ Kh8 29. Qc2 Nc4 30. Qf5 Bxf4 31. exf4 Rg8 32. Qxf7 Rxg1+ 33. Kxg1 Qg7+ 34. Qxg7+ Kxg7 35. Bg4 Nd2 36. Kg2 Nb3 37. Bd7 Nxd4 38. Kg3 Kf6 39. Kg4 Ke7 40. Bc8 Nc2 41. Bf5 Nxb4 42. Bxh7 Kf6 43. h4 c5 44. Kf3 c4 45. Ke3 Nc6 46. h5 b4 47. Bg6 b3 48. Kd2 d4 49. Be4 c3+ 50. Kd1 Nb4 51. f5 d3 52. h6 c2+ 53. Kd2 b2 54. h7 c1Q# 0-1

[Event "HUN-chT2 Barcza 1617"]
[Site "Hungary"]
[Date "2016.12.11"]
[Round "6.7"]
[White "Botragyi, Tibor"]
[Black "Kovacs, Tamas"]
[Result "0-1"]
[WhiteElo "1979"]
[BlackElo "2122"]
[PlyCount "48"]
[EventDate "2016.09.25"]
[EventType "team-tourn"]
[EventRounds "11"]
[EventCountry "HUN"]
[SourceTitle "EXT 2021"]
[Source "ChessBase"]
[SourceDate "2020.10.23"]
[SourceVersion "1"]
[SourceVersionDate "2020.10.23"]
[SourceQuality "1"]
[WhiteTeam "Debrecen Sakkbaratok"]
[BlackTeam "Lillafured DVTK II"]
[WhiteTeamCountry "HUN"]
[BlackTeamCountry "HUN"]

1. e4 c5 2. d4 cxd4 3. c3 dxc3 4. Nxc3 e6 5. Nf3 Bc5 6. Bc4 a6 7. 0-0 Ne7 8. Bf4 Ng6 9. Bg3 b5 10. Bb3 Bb7 11. Qe2 0-0 12. Rfd1 Qe7 13. h4 f6 14. Rac1 Kh8 15. Nxb5 axb5 16. Qxb5 d6 17. Rxc5 dxc5 18. Bd6 Qd7 19. Qxc5 Rc8 20. Bc7 Qc6 21. Qd6 Qxd6 22. Rxd6 Na6 23. Bb6 Bxe4 24. Nd4 Nc5 0-1

[Event "HUN-chT2 Barcza 1516"]
[Site "Hungary"]
[Date "2015.11.29"]
[Round "5.7"]
[White "Ecsedi, Sandor"]
[Black "Botragyi, Tibor"]
[Result "0-1"]
[WhiteElo "2057"]
[BlackElo "2020"]
[PlyCount "60"]
[EventDate "2015.09.13"]
[EventType "team-tourn"]
[EventRounds "11"]
[EventCountry "HUN"]
[SourceTitle "CBM 170 Extra"]
[Source "ChessBase"]
[SourceDate "2016.02.25"]
[SourceVersion "1"]
[SourceVersionDate "2016.02.25"]
[SourceQuality "1"]
[WhiteTeam "Hajduszoboszlo"]
[BlackTeam "Debrecen Sakkbaratok"]
[WhiteTeamCountry "HUN"]
[BlackTeamCountry "HUN"]

1. e4 c5 2. Nf3 Nc6 3. d4 cxd4 4. Nxd4 g6 5. Nc3 Bg7 6. Be3 Nf6 7. Be2 0-0 8. Nb3 d6 9. Qd2 Ng4 10. Bxg4 Bxg4 11. f3 Be6 12. 0-0-0 a5 13. Kb1 Ne5 14. Bh6 Nc4 15. Qc1 Qb6 16. Bxg7 Kxg7 17. Nd5 Bxd5 18. exd5 a4 19. Nd4 Ra5 20. g4 Rc8 21. Rhg1 Rxd5 22. Nf5+ Rxf5 23. gxf5 Na3+ 24. Ka1 Nxc2+ 25. Kb1 Na3+ 26. Ka1 Rxc1+ 27. Rxc1 Nc4 28. Rg2 Qd4 29. fxg6 hxg6 30. h4 a3 0-1

[Event "HUN-chT2 Barcza 1112 "]
[Site "Hungary"]
[Date "2012.03.11"]
[Round "7"]
[White "Toth, Ferenc"]
[Black "Botragyi, Tibor"]
[Result "0-1"]
[WhiteElo "1841"]
[BlackElo "2132"]
[PlyCount "60"]
[EventDate "2011.09.25"]
[EventType "team-tourn"]
[EventRounds "11"]
[EventCountry "HUN"]
[SourceTitle "EXT 2013"]
[Source "ChessBase"]
[SourceDate "2012.11.22"]
[SourceVersion "1"]
[SourceVersionDate "2012.11.22"]
[SourceQuality "1"]
[WhiteTeam "Sarospatak"]
[BlackTeam "Debrecen Sakkbaratok"]
[WhiteTeamCountry "HUN"]
[BlackTeamCountry "HUN"]

1. e4 c5 2. d3 Nc6 3. g3 g6 4. Bg2 Bg7 5. f4 d6 6. Nf3 e6 7. 0-0 Nge7 8. c3 0-0 9. Be3 f5 10. Nbd2 b6 11. Qc2 h6 12. Rad1 e5 13. a4 Be6 14. fxe5 dxe5 15. Nh4 f4 16. gxf4 exf4 17. Bf2 g5 18. Nhf3 g4 19. Ne1 f3 20. Bh1 Ng6 21. Be3 Be5 22. Ndxf3 gxf3 23. Nxf3 Bf4 24. Bf2 Nce5 25. Nxe5 Nxe5 26. d4 Qg5+ 27. Bg2 Bh3 28. Be1 Be3+ 29. Kh1 Rxf1+ 30. Bxf1 Qg1# 0-1

[Event "HUN-chT2 Barcza 1112 "]
[Site "Hungary"]
[Date "2012.01.29"]
[Round "5"]
[White "Ujhazi, David"]
[Black "Botragyi, Tibor"]
[Result "0-1"]
[WhiteElo "1846"]
[BlackElo "2132"]
[PlyCount "102"]
[EventDate "2011.09.25"]
[EventType "team-tourn"]
[EventRounds "11"]
[EventCountry "HUN"]
[SourceTitle "EXT 2013"]
[Source "ChessBase"]
[SourceDate "2012.11.22"]
[SourceVersion "1"]
[SourceVersionDate "2012.11.22"]
[SourceQuality "1"]
[WhiteTeam "DEAC"]
[BlackTeam "Debrecen Sakkbaratok"]
[WhiteTeamCountry "HUN"]
[BlackTeamCountry "HUN"]

1. d4 Nf6 2. c4 g6 3. Nc3 d5 4. e3 Bg7 5. Nf3 0-0 6. h3 c5 7. Be2 Nc6 8. 0-0 cxd4 9. exd4 b6 10. Be3 Bb7 11. Qd2 Ne4 12. Qc2 Nxc3 13. bxc3 dxc4 14. Bxc4 Na5 15. Be2 Rc8 16. Rac1 Qd7 17. Qb2 Qa4 18. Bb5 Nc4 19. Qb3 Qxb3 20. axb3 Na5 21. Nd2 e5 22. b4 exd4 23. Bxd4 Bxd4 24. cxd4 Nc6 25. Bxc6 Rxc6 26. Rxc6 Bxc6 27. Ra1 Ra8 28. Nc4 f6 29. Ne3 a5 30. Rc1 Rc8 31. d5 Bb7 32. Rxc8+ Bxc8 33. bxa5 bxa5 34. Nc4 Bb7 35. Nxa5 Bxd5 36. f4 Kf7 37. Kf2 Ke6 38. g3 Kd6 39. Ke3 Kc5 40. h4 h5 41. Kd3 Kb6 42. Nc4+ Bxc4+ 43. Kxc4 Kc6 44. Kd4 Kd6 45. Ke4 Ke6 46. Kd4 Kf5 47. Ke3 Kg4 48. Kf2 Kh3 49. Kf3 f5 50. Kf2 Kh2 51. Kf3 Kg1 0-1